| 000 | 00502nam a22001697a 4500 | ||
|---|---|---|---|
| 003 | MACL | ||
| 005 | 20160724141232.0 | ||
| 008 | 160724b xxu||||| |||| 00| 0 eng d | ||
| 040 | _cMACL | ||
| 041 | _aHindi | ||
| 082 | _a800 NEL | ||
| 100 |
_aनीलाभ _9555 |
||
| 245 |
_aसोचा : असोचा _cनीलाभ |
||
| 260 |
_aइलाहाबाद _bचन्द्रा पब्लिकेशन _c2012 |
||
| 650 |
_aसाहित्य _965223 |
||
| 942 |
_2ddc _cHIN |
||
| 999 |
_c54905 _d54905 |
||